000 00925nam a2200265Ia 4500
003 OSt
005 20220923231001.0
006 a|||||r|||| 00| 0
007 ta
008 220922b |||||||| |||| 00| 0 san d
024 _a339,876
037 _cTextual
040 _aARTS
_cARTS
_bsan
041 _2san
_asan
082 _aO152,1:g(P:75), P2
100 _aमिश्र, रामकिशोर
245 0 _aसंस्कृत छन्दों का उद्भव और विकास
246 _aSanskṛut chhandoan kā udbhav aur vikāsa
260 _aमेरठ
_b ज्ञान प्रकाशन
_c2002
300 _a268पृ0
_ccm.
650 _a हिन्दी साहित्य
_9156264
650 _aहिन्दी कविता
942 _hO152,1:g(P:75), P2
_cTEXL
_2CC
999 _c388609
_d388609